Economic growth and resources; Vol.5 Problems related to Japan

Đã lưu trong:
书目详细资料
主要作者: Shigeto Tsuru
格式: 图书
语言:Undetermined
出版: Tokyo Congress 1977
主题:
标签: 添加标签
没有标签, 成为第一个标记此记录!
Thư viện lưu trữ: Trung tâm Học liệu Trường Đại học Cần Thơ
LEADER 00487nam a2200181Ia 4500
001 CTU_84994
008 210402s9999 xx 000 0 und d
082 |a 339.5 
082 |b T882 
100 |a Shigeto Tsuru 
245 0 |a Economic growth and resources; Vol.5 
245 0 |b Problems related to Japan 
245 0 |c Shigeto Tsuru 
260 |a Tokyo 
260 |b Congress 
260 |c 1977 
650 |a economic development 
980 |a Trung tâm Học liệu Trường Đại học Cần Thơ